<?xml version="1.0" encoding="UTF-8"?>
<record
    xmlns:xsi="http://www.w3.org/2001/XMLSchema-instance"
    xsi:schemaLocation="http://www.loc.gov/MARC21/slim http://www.loc.gov/standards/marcxml/schema/MARC21slim.xsd"
    xmlns="http://www.loc.gov/MARC21/slim">

  <leader>04111nam a2200409 i 4500</leader>
  <controlfield tag="003">DO-SdBNP</controlfield>
  <controlfield tag="005">20250205102748.0</controlfield>
  <controlfield tag="006">a||||gr|||| 00| 0 </controlfield>
  <controlfield tag="007">ta</controlfield>
  <controlfield tag="008">240510e1990    dr ad||| |||| 00| 0 spa d</controlfield>
  <datafield tag="040" ind1=" " ind2=" ">
    <subfield code="a">DO-SdBNP</subfield>
    <subfield code="b">spa</subfield>
    <subfield code="c">BNPHU</subfield>
    <subfield code="e">rda</subfield>
  </datafield>
  <datafield tag="082" ind1=" " ind2="4">
    <subfield code="2">22</subfield>
    <subfield code="b">R426q 1990</subfield>
  </datafield>
  <datafield tag="100" ind1="1" ind2=" ">
    <subfield code="a">P&#xE9;rez, Danila,</subfield>
    <subfield code="e">autora</subfield>
    <subfield code="9">85435</subfield>
  </datafield>
  <datafield tag="245" ind1="1" ind2="0">
    <subfield code="a">5to. grado:</subfield>
    <subfield code="b">quinto libro /</subfield>
    <subfield code="c">Danila P&#xE9;rez, Griselda Taveras, Altagracia And&#xFA;jar, Antonia Mej&#xED;a, Angela Tav&#xE1;rez, Milagros Yost; ilustraci&#xF3;n, Rosa Mar&#xED;a L&#xF3;pez, Henry Fondeur, Julia Gil Brioso.</subfield>
  </datafield>
  <datafield tag="246" ind1="1" ind2="1">
    <subfield code="a">Quinto grado:</subfield>
    <subfield code="b">quinto libro.</subfield>
  </datafield>
  <datafield tag="264" ind1=" " ind2="1">
    <subfield code="a">Santo Domingo :</subfield>
    <subfield code="b">Agencia Espa&#xF1;ola de Cooperaci&#xF3;n Internacional,</subfield>
    <subfield code="c">1990</subfield>
  </datafield>
  <datafield tag="300" ind1=" " ind2=" ">
    <subfield code="a">196 p&#xE1;ginas :</subfield>
    <subfield code="b">ilustraciones ;</subfield>
    <subfield code="c">27 cm.</subfield>
  </datafield>
  <datafield tag="336" ind1=" " ind2=" ">
    <subfield code="2">rdacontent</subfield>
    <subfield code="a">texto</subfield>
    <subfield code="b">tx</subfield>
  </datafield>
  <datafield tag="337" ind1=" " ind2=" ">
    <subfield code="2">rdamedia</subfield>
    <subfield code="a">sin mediaci&#xF3;n</subfield>
    <subfield code="b">n</subfield>
  </datafield>
  <datafield tag="338" ind1=" " ind2=" ">
    <subfield code="2">rdacarrier</subfield>
    <subfield code="a">volumen</subfield>
    <subfield code="b">nc</subfield>
  </datafield>
  <datafield tag="500" ind1=" " ind2=" ">
    <subfield code="a">Proyecto de Educaci&#xF3;n B&#xE1;sica a traves de M&#xF3;dulos Instruccionales.</subfield>
  </datafield>
  <datafield tag="500" ind1=" " ind2=" ">
    <subfield code="a">5to. Grado. Cuarto Libro de Trabajo.</subfield>
  </datafield>
  <datafield tag="500" ind1=" " ind2=" ">
    <subfield code="a">Libro de Trabajo.</subfield>
  </datafield>
  <datafield tag="505" ind1=" " ind2=" ">
    <subfield code="a">C&#xF3;mo estudia una lecci&#xF3;n.-- Presentaci&#xF3;n.</subfield>
    <subfield code="g">Lecci&#xF3;n No. 1 Estudios Sociales.</subfield>
    <subfield code="t">Los Latinoamericanos se esfuerzan por lograr su desarrollo.--</subfield>
    <subfield code="g">Lecci&#xF3;n No. 2 Lengua Espa&#xF1;ola.</subfield>
    <subfield code="t">Las Acciones o Verbos.--</subfield>
    <subfield code="g">Lecci&#xF3;n No. 3 Ciencias Naturales.--</subfield>
    <subfield code="t">La Atmosfera.--</subfield>
    <subfield code="g">Lecci&#xF3;n No. 4. Matem&#xE1;tica.</subfield>
    <subfield code="t">Tanto por Ciento.--</subfield>
    <subfield code="g">Lecci&#xF3;n No. 5. Educaci&#xF3;n Musical.</subfield>
    <subfield code="t">Coreograf&#xED;a de Nuestros Bailes Folkloricos.--</subfield>
    <subfield code="g">Lecci&#xF3;n No. 6. Educaci&#xF3;n Musical.</subfield>
    <subfield code="t">La Constituci&#xF3;n en Am&#xE9;rica Latina.--</subfield>
    <subfield code="g">Lecci&#xF3;n No. 7. Lengua Espa&#xF1;ola.</subfield>
    <subfield code="t">El Verbo, Las personas y los Tiempos Verbales.--</subfield>
    <subfield code="g">Lecci&#xF3;n No. 8 Ciencias Naturales.--</subfield>
    <subfield code="t">Beneficios de la Atmosfera.--</subfield>
    <subfield code="g">Lecci&#xF3;n No. 9 Matem&#xE1;tica.</subfield>
    <subfield code="t">Cambio de una unidad de Longitud mayor a una menor en el Sistema M&#xE9;trico Decimal.--</subfield>
    <subfield code="g">Lecci&#xF3;n No. 10. Educaci&#xF3;n Musical.</subfield>
    <subfield code="t">Coreograf&#xED;a del Baile de Palos.--</subfield>
    <subfield code="g">Lecci&#xF3;n No. 11. Estudios Sociales.</subfield>
    <subfield code="t">Derechos Humanos Consagrados en las Constituciones Americanas.--</subfield>
    <subfield code="g">Lecci&#xF3;n No. 12. Lengua Espa&#xF1;ola.</subfield>
    <subfield code="t">Verbos Terminados en AR.--</subfield>
    <subfield code="g">Lecci&#xF3;n No. 13 Ciencias Naturales.--</subfield>
    <subfield code="t">El Sistema Solar.--</subfield>
    <subfield code="g">Lecci&#xF3;n No. 14. Matem&#xE1;tica.</subfield>
    <subfield code="t">Cambio de una unidad de Longitud Menor a otra Mayor en el Sistema M&#xE9;trico Decimal.--</subfield>
    <subfield code="g">Lecci&#xF3;n No. 15. Educaci&#xF3;n Musical.</subfield>
    <subfield code="t">Coreograf&#xED;a del Carabine.--</subfield>
  </datafield>
  <datafield tag="505" ind1=" " ind2=" ">
    <subfield code="a">Lecci&#xF3;n No. 16. Estudios Sociales.</subfield>
    <subfield code="t">Formas de Gobierno.--</subfield>
    <subfield code="g">Lecci&#xF3;n No. 17. Lengua Espa&#xF1;ola.</subfield>
    <subfield code="t">Verbos que terminan con ER.--</subfield>
    <subfield code="g">Lecci&#xF3;n No. 18. Ciencias Naturales.</subfield>
    <subfield code="t">&#xBF;C&#xF3;mo son los Planetas?.--</subfield>
    <subfield code="g">Lecci&#xF3;n No. 19. Matem&#xE1;tica.</subfield>
    <subfield code="t">Pol&#xED;gonos Regulares e Irregulares. Cuadril&#xE1;teros. Sus Diagonales.--</subfield>
    <subfield code="g">Lecci&#xF3;n No. 20. Educaci&#xF3;n Musical.--</subfield>
    <subfield code="t">Coreograf&#xED;a de la Mangulina.--</subfield>
    <subfield code="g">Lecci&#xF3;n No. 21. Estudios Sociales.</subfield>
    <subfield code="t">El Gobierno Dominicano.--</subfield>
    <subfield code="g">Lecci&#xF3;n No. 22. Lengua Espa&#xF1;ola.</subfield>
    <subfield code="t">Verbos que terminan en IR.--</subfield>
    <subfield code="g">Lecci&#xF3;n No. 23. Ciencias Naturales.</subfield>
    <subfield code="t">Observando el Universo: Las Galxias.--</subfield>
    <subfield code="g">Lecci&#xF3;n No. 24. Matem&#xE1;tica.</subfield>
    <subfield code="t">Cambio de Unidades de Superficie en el Sistema M&#xE9;trico Decimal.--</subfield>
    <subfield code="g">Lecci&#xF3;n No. 25. Educaci&#xF3;n Musical.</subfield>
    <subfield code="t">Coreograf&#xED;a del Merengue.--</subfield>
    <subfield code="g">Lecci&#xF3;n No. 26. Estudios Sociales.</subfield>
    <subfield code="t">Convivencia y Cooperaci&#xF3;n.--</subfield>
    <subfield code="g">Lecci&#xF3;n No. 27. La Lengua Espa&#xF1;ola.</subfield>
    <subfield code="t">El Adverbio.-- </subfield>
    <subfield code="g">Lecci&#xF3;n No. 28. Ciencias Naturales.</subfield>
    <subfield code="t">Observando el Universo: Las Cosntelaciones.--</subfield>
    <subfield code="g">Lecci&#xF3;n No. 29. Matem&#xE1;tica.</subfield>
    <subfield code="t">Medidas de Regiones que tienen forma de Rombo, Romboide y Trapecio.--</subfield>
    <subfield code="g">Lecci&#xF3;n No. 30. Educaci&#xF3;n Musical.</subfield>
    <subfield code="t">Baile de la Cinta.--</subfield>
    <subfield code="t">Respuestasala autoevaluaciones.-- Estudios Sociales.-- Lengua Espa&#xF1;ola.-- Ciencias Naturales.-- Matem&#xE1;tica.-- Educaci&#xF3;n Musical.</subfield>
  </datafield>
  <datafield tag="590" ind1=" " ind2=" ">
    <subfield code="a">Inventariado 2024 / MF</subfield>
  </datafield>
  <datafield tag="700" ind1="1" ind2=" ">
    <subfield code="a">Taveras, Griselda,</subfield>
    <subfield code="e">autora</subfield>
    <subfield code="9">85436</subfield>
  </datafield>
  <datafield tag="700" ind1="1" ind2=" ">
    <subfield code="a">Andujar, Altagracia,</subfield>
    <subfield code="9">84313</subfield>
    <subfield code="e">autora</subfield>
  </datafield>
  <datafield tag="700" ind1="1" ind2=" ">
    <subfield code="a">Mej&#xED;a, Antonia,</subfield>
    <subfield code="9">31235</subfield>
    <subfield code="e">autora</subfield>
  </datafield>
  <datafield tag="700" ind1="1" ind2=" ">
    <subfield code="a">Tav&#xE1;rez Rodr&#xED;guez, &#xC1;ngela,</subfield>
    <subfield code="9">36265</subfield>
    <subfield code="e">autor</subfield>
  </datafield>
  <datafield tag="700" ind1="1" ind2=" ">
    <subfield code="a">Yost, Milagros,</subfield>
    <subfield code="9">75860</subfield>
    <subfield code="e">autora</subfield>
  </datafield>
  <datafield tag="700" ind1="1" ind2=" ">
    <subfield code="a">L&#xF3;pez, Rosa Mar&#xED;a,</subfield>
    <subfield code="9">75948</subfield>
    <subfield code="e">ilustradora</subfield>
  </datafield>
  <datafield tag="700" ind1="1" ind2=" ">
    <subfield code="4">Fondeur, Henry,</subfield>
    <subfield code="e">ilustrador</subfield>
  </datafield>
  <datafield tag="700" ind1="1" ind2=" ">
    <subfield code="a">Gil Brioso, Julia,</subfield>
    <subfield code="9">36916</subfield>
    <subfield code="e">ilustrador</subfield>
  </datafield>
  <datafield tag="710" ind1="1" ind2=" ">
    <subfield code="a">Rep&#xFA;blica Dominicana.</subfield>
    <subfield code="b">Secretar&#xED;a de Estado de Educaci&#xF3;n, Bellas Artes y Cultos</subfield>
    <subfield code="9">23965</subfield>
  </datafield>
  <datafield tag="942" ind1=" " ind2=" ">
    <subfield code="2">ddc</subfield>
    <subfield code="c">LBS1</subfield>
  </datafield>
  <datafield tag="952" ind1=" " ind2=" ">
    <subfield code="0">0</subfield>
    <subfield code="1">0</subfield>
    <subfield code="2">ddc</subfield>
    <subfield code="5">1</subfield>
    <subfield code="7">0</subfield>
    <subfield code="8">PD</subfield>
    <subfield code="a">BNPHU</subfield>
    <subfield code="b">BNPHU</subfield>
    <subfield code="c">CT</subfield>
    <subfield code="d">2018-07-10</subfield>
    <subfield code="e">Donado por CERTV</subfield>
    <subfield code="l">0</subfield>
    <subfield code="o">R426q 1990</subfield>
    <subfield code="p">2024-2879</subfield>
    <subfield code="r">2024-05-10</subfield>
    <subfield code="w">2024-05-10</subfield>
    <subfield code="y">LBS1</subfield>
  </datafield>
  <datafield tag="999" ind1=" " ind2=" ">
    <subfield code="c">56629</subfield>
    <subfield code="d">56629</subfield>
  </datafield>
</record>
